Los estudios afroamericanos y africanos en América Latina: herencia, presencia y visiones del otro /

में बचाया:
ग्रंथसूची विवरण
मुख्य लेखक: Lechini, Gladys
अन्य लेखक: comp
स्वरूप: मूलपाठ
प्रकाशित: Buenos Aires: CLACSO
विषय:
टैग: टैग जोड़ें
कोई टैग नहीं, इस रिकॉर्ड को टैग करने वाले पहले व्यक्ति बनें!

MARC

LEADER 00000 a a2200000 04500
001 39067
003
040
020 |a 978-987-1110-71-1  
090 |a 1001 L459e  
100 |a Lechini, Gladys  
245 |a Los estudios afroamericanos y africanos en América Latina: herencia, presencia y visiones del otro /  |c Gladys Lechini 
260 |a Buenos Aires:   |b CLACSO  
300 |a 428 p.  
650 |a IDENTIDAD CULTURAL  
650 |a ANTROPOLOGIA  
650 |a NEGROS  
650 |a MUSICA  
650 |a ETNICIDAD  
650 |a AMERICA LATINA  
700 |a comp.  
999 |c 10855  |d 10855